Le Planétarium

Guardado en:
Bibliografiske detaljer
Hovedforfatter: Sarraute, Nathalie
Format: Bog
Sprog:Undetermined
Udgivet: Francia Gallimard 1959
Fag:
Tags: Tilføj Tag
Ingen Tags, Vær først til at tagge denne postø!

MARC

LEADER 00000nam a2200000Ia 4500
008 170316s9999 xx 000 0 und d
040 |a cru BVZT 
090 |a 840 S-9p 
100 |a Sarraute, Nathalie 
245 |a Le Planétarium 
260 |a Francia 
260 |b Gallimard 
260 |c 1959 
300 |a 256 páginas 
650 |a LITERATURA FRANCESA 
999 |c 8025  |d 8025 
942 |c 15 D  |h 840 S-9p  |2 z